Vector analysis with applications (Record no. 7970)

000 -LEADER
fixed length control field 00491nam a22001937a 4500
001 - CONTROL NUMBER
control field 7970
003 - CONTROL NUMBER IDENTIFIER
control field BD-DhUET
008 - FIXED-LENGTH DATA ELEMENTS--GENERAL INFORMATION
fixed length control field 141221b xxu||||| |||| 00| 0 eng d
040 ## - CATALOGING SOURCE
Transcribing agency 0
Modifying agency BD-DhUET
082 ## - DEWEY DECIMAL CLASSIFICATION NUMBER
Classification number 516.83
Item number ALI/1977
100 ## - MAIN ENTRY--PERSONAL NAME
Personal name Ali Ashraf
245 ## - TITLE STATEMENT
Title Vector analysis with applications
Statement of responsibility, etc. by Ali Ashraf
250 ## - EDITION STATEMENT
Edition statement 1st ed.
260 ## - PUBLICATION, DISTRIBUTION, ETC. (IMPRINT)
Place of publication, distribution, etc. Dhaka
Name of publisher, distributor, etc. Hafiz book centre
Date of publication, distribution, etc. 1977
300 ## - PHYSICAL DESCRIPTION
Extent 340[2]p.
Other physical details ill.
650 #0 - SUBJECT ADDED ENTRY--TOPICAL TERM
Topical term or geographic name as entry element Vector analysis
700 ## - ADDED ENTRY--PERSONAL NAME
Personal name Abdul Khaleq Hazra, Md.
942 ## - ADDED ENTRY ELEMENTS (KOHA)
Koha item type General Book
Holdings
Lost status Koha out on loan Source of classification or shelving scheme Koha full call number Koha issues (times borrowed) Piece designation (barcode) Location (home branch) Withdrawn status Koha item type Koha normalized classification for sorting Koha date last seen Date acquired Damaged status Shelving location Copy number Koha date last borrowed Sublocation or collection (holding branch) Not for loan Price effective from
   516.83/ALI/19771348782Central Library, BUET General Book516_830000000000000_ALI_19772025-11-092014-12-21 Circulation section12023-09-26Central Library, BUET 2014-12-21
 2024-02-18 516.83/ALI/1977948785Central Library, BUET General Book516_830000000000000_ALI_19772024-02-042015-03-31 Circulation section22024-02-04Central Library, BUET 2015-03-31
   516.83/ALI/1977 56215Central Library, BUET General Book516_830000000000000_ALI_19772015-06-072015-06-07 Reading section3 Central Library, BUET 2015-06-07
   516.83/ALI/1977 56213Central Library, BUET General Book516_830000000000000_ALI_19772015-06-072015-06-07 Reading section4 Central Library, BUET 2015-06-07
   516.83/ALI/1977 56216Central Library, BUET General Book516_830000000000000_ALI_19772015-06-072015-06-07 Reading section5 Central Library, BUET 2015-06-07
   516.83/ALI/1977 56218Central Library, BUET General Book516_830000000000000_ALI_19772015-06-072015-06-07 Reading section6 Central Library, BUET 2015-06-07
   516.83/ALI/1977156212Central Library, BUET General Book516_830000000000000_ALI_19772025-11-092015-07-12 Circulation section72024-10-23Central Library, BUET 2015-07-12